ASB document service (Record no. 102549)
[ view plain ]
| 000 -LEADER | |
|---|---|
| fixed length control field | 00542cam a2200157 4500 |
| 001 - CONTROL NUMBER | |
| control field | J11989 |
| 008 - FIXED-LENGTH DATA ELEMENTS--GENERAL INFORMATION | |
| fixed length control field | 000000n 000 0 eng u |
| 035 ## - SYSTEM CONTROL NUMBER | |
| System control number | (Sirsi) u120712 |
| 245 ## - TITLE STATEMENT | |
| Title | ASB document service |
| 260 ## - PUBLICATION, DISTRIBUTION, ETC. | |
| Place of publication, distribution, etc. | Kingston-upon-Thames |
| Name of publisher, distributor, etc. | ASB Publications |
| 300 ## - PHYSICAL DESCRIPTION | |
| Extent | Multiple parts |
| 520 ## - SUMMARY, ETC. | |
| Summary, etc. | Subscription service with Accounting Standards Board for all accounting standards. Each standard is catalogued separately. |
| 650 ## - SUBJECT ADDED ENTRY--TOPICAL TERM | |
| Topical term or geographic name entry element | ACCOUNTING STANDARDS |
| 690 ## - LOCAL SUBJECT ADDED ENTRY--TOPICAL TERM (OCLC, RLIN) | |
| Topical term or geographic name as entry element | MANAGEMENT-BUSINESS MANAGEMENT-FINANCIAL MANAGEMENT |
| 942 ## - ADDED ENTRY ELEMENTS (KOHA) | |
| Suppress in OPAC | 0 |
| Withdrawn status | Lost status | Source of classification or shelving scheme | Damaged status | Not for loan | Home library | Current library | Shelving location | Date acquired | Total Checkouts | Full call number | Barcode | Date last seen | Copy number | Price effective from | Koha item type |
|---|---|---|---|---|---|---|---|---|---|---|---|---|---|---|---|
| Dewey Decimal Classification | London | London | Boxed set | 09/12/2002 | ENQUIRY DESK | 120712-1001 | 06/08/2019 | 1 | 06/08/2019 | Book |